| 000 | 00830cab a2200289 4500 | ||
|---|---|---|---|
| 001 | ABS49300 | ||
| 008 | 090401t1993 xxu||||| |||| 00| 0 eng d | ||
| 035 | _a(Sirsi) u70808 | ||
| 041 | _aeng | ||
| 245 | _aEstates Times Survey : Cheshire | ||
| 260 | _c1993 | ||
| 350 | _a0 | ||
| 490 |
_aEstates Times _v(1204) 17 September 1993, 10-16(7) |
||
| 650 | _aALTRINCHAM | ||
| 650 | _aCHESHIRE | ||
| 650 | _aCHESTER | ||
| 650 | _aHALE | ||
| 650 | _aINDUSTRIAL MARKET | ||
| 650 | _aMACCLESFIELD | ||
| 650 | _aPROPERTY-COMMERCIAL PROPERTY-OFFICE PROPERTY-OFFICE PROPERTY MARKET | ||
| 650 | _aPROPERTY-COMMERCIAL PROPERTY-RETAIL PROPERTY-RETAIL PROPERTY MARKET | ||
| 650 | _aWARRINGTON | ||
| 650 | _aWILMSLOW | ||
| 690 | _aPROPERTY-COMMERCIAL PROPERTY-COMMERCIAL PROPERTY MARKET | ||
| 942 | _n0 | ||
| 948 | _c04/03/1997 | ||
| 999 |
_c44591 _d44591 |
||